[Event "European Senior Team Championship 2021"]
[Site "Don Giovanni hotel, Vinohradska 2733, Prague, Czech Republic"]
[Date "2021.09.02"]
[Round "4"]
[Board "2"]
[White "Svarc, Roman"]
[Black "Vokac, Marek"]
[Result "0-1"]
[WhiteElo "2030"]
[BlackElo "2370"]
[PlyCount "0"]
[EventDate "2021.08.30"]
[EventType "team"]
[EventRounds "9"]
[EventCountry "ECX"]
[WhiteTeam "TJ SOKOL UDLICE"]
[BlackTeam "CZECH REPUBLIC"]

1. c4 {[%clk 1:30:58]} g6 {[%clk 1:30:42]} 2. Nc3 {[%clk 1:31:23]} Bg7
{[%clk 1:31:04]} 3. g3 {[%clk 1:31:31]} f5 {[%clk 1:31:08]} 4. Bg2
{[%clk 1:31:48]} Nf6 {[%clk 1:31:16]} 5. Nf3 {[%clk 1:29:27]} O-O
{[%clk 1:30:58]} 6. O-O {[%clk 1:28:31]} d6 {[%clk 1:30:43]} 7. Rb1
{[%clk 1:25:52]} e5 {[%clk 1:30:38]} 8. d4 {[%clk 1:25:14]} e4 {[%clk 1:26:52]}
9. Ng5 {[%clk 1:23:53]} h6 {[%clk 1:25:57]} 10. Nh3 {[%clk 1:24:04]} g5
{[%clk 1:26:25]} 11. f4 {[%clk 1:16:54]} g4 {[%clk 1:19:32]} 12. Nf2
{[%clk 1:16:52]} c6 {[%clk 1:19:59]} 13. d5 {[%clk 1:13:10]} Qe7 {[%clk 1:08:26]}
14. Be3 {[%clk 1:06:25]} Nbd7 {[%clk 0:49:10]} 15. b4 {[%clk 0:59:07]} Nb6
{[%clk 0:46:16]} 16. Qb3 {[%clk 0:55:46]} cxd5 {[%clk 0:46:31]} 17. cxd5
{[%clk 0:40:54]} Bd7 {[%clk 0:46:28]} 18. Bxb6 {[%clk 0:33:23]} axb6
{[%clk 0:46:54]} 19. b5 {[%clk 0:32:40]} Rfc8 {[%clk 0:42:50]} 20. Na4
{[%clk 0:31:07]} Rxa4 {[%clk 0:39:31]} 21. Qxa4 {[%clk 0:31:07]} Nxd5
{[%clk 0:39:59]} 22. Nd1 {[%clk 0:25:57]} Be6 {[%clk 0:39:24]} 23. e3
{[%clk 0:24:58]} Rc5 {[%clk 0:39:12]} 24. Re1 {[%clk 0:24:54]} Qc7
{[%clk 0:37:47]} 25. Bf1 {[%clk 0:22:53]} Kf7 {[%clk 0:34:41]} 26. Qa3
{[%clk 0:21:15]} Rc2 {[%clk 0:31:02]} 27. Kh1 {[%clk 0:19:09]} h5
{[%clk 0:30:11]} 28. Kg1 {[%clk 0:19:02]} h4 {[%clk 0:29:26]} 29. gxh4
{[%clk 0:16:07]} Ne7 {[%clk 0:26:36]}  0-1

[Event "European Senior Team Championship 2021"]
[Site "Don Giovanni hotel, Vinohradska 2733, Prague, Czech Republic"]
[Date "2021.09.02"]
[Round "4"]
[Board "3"]
[White "Polasek, Jaroslav"]
[Black "Koblasa, Josef"]
[Result "1-0"]
[WhiteElo "2400"]
[BlackElo "1929"]
[PlyCount "0"]
[EventDate "2021.08.30"]
[EventType "team"]
[EventRounds "9"]
[EventCountry "ECX"]
[WhiteTeam "CZECH REPUBLIC"]
[BlackTeam "TJ SOKOL UDLICE"]

1. e4 {[%clk 1:30:58]} d6 {[%clk 1:30:49]} 2. d4 {[%clk 1:31:16]} Nf6
{[%clk 1:31:13]} 3. Nc3 {[%clk 1:31:41]} g6 {[%clk 1:31:37]} 4. f4
{[%clk 1:31:37]} Bg7 {[%clk 1:31:57]} 5. Nf3 {[%clk 1:32:04]} O-O
{[%clk 1:32:05]} 6. Bd3 {[%clk 1:31:54]} Nbd7 {[%clk 1:29:35]} 7. e5
{[%clk 1:30:35]} Ne8 {[%clk 1:29:17]} 8. Qe2 {[%clk 1:16:47]} Nb6
{[%clk 1:18:46]} 9. O-O {[%clk 1:16:18]} e6 {[%clk 1:16:29]} 10. Bd2
{[%clk 1:11:03]} c5 {[%clk 1:11:05]} 11. dxc5 {[%clk 1:07:44]} dxc5
{[%clk 1:11:17]} 12. Ne4 {[%clk 1:07:29]} Qc7 {[%clk 1:07:48]} 13. c4
{[%clk 1:06:56]} f5 {[%clk 1:05:40]} 14. exf6 {[%clk 1:03:14]} Nxf6
{[%clk 1:05:13]} 15. Neg5 {[%clk 1:03:36]} Nh5 {[%clk 0:51:23]} 16. Ne5
{[%clk 1:00:55]} Nxf4 {[%clk 0:27:30]} 17. Bxf4 {[%clk 1:00:53]} Rxf4
{[%clk 0:27:30]} 18. Rxf4 {[%clk 0:58:41]} Qxe5 {[%clk 0:27:53]} 19. Qxe5
{[%clk 0:37:03]} Bxe5 {[%clk 0:28:16]} 20. Rf7 {[%clk 0:36:47]} h6
{[%clk 0:22:58]} 21. Raf1 {[%clk 0:36:44]} hxg5 {[%clk 0:20:05]} 22. Rf8+
{[%clk 0:36:48]} Kh7 {[%clk 0:15:51]} 23. R1f7+ {[%clk 0:37:12]} Bg7
{[%clk 0:15:45]} 24. Re8 {[%clk 0:37:24]} Bd7 {[%clk 0:14:02]} 25. Rxa8
{[%clk 0:37:35]} Nxa8 {[%clk 0:14:17]} 26. Rxd7 {[%clk 0:38:01]} Nb6
{[%clk 0:11:15]} 27. Rxb7 {[%clk 0:38:21]} Na4 {[%clk 0:11:13]} 28. b3
{[%clk 0:38:15]} Nc3 {[%clk 0:09:43]} 29. Rxa7 {[%clk 0:36:14]} e5
{[%clk 0:09:35]} 30. a4 {[%clk 0:28:38]} e4 {[%clk 0:09:21]} 31. Bxe4
{[%clk 0:28:52]} Nxe4 {[%clk 0:09:34]} 32. a5 {[%clk 0:29:19]} Kh6
{[%clk 0:07:10]} 33. Rxg7 {[%clk 0:29:14]}  1-0

[Event "European Senior Team Championship 2021"]
[Site "Don Giovanni hotel, Vinohradska 2733, Prague, Czech Republic"]
[Date "2021.09.02"]
[Round "4"]
[Board "4"]
[White "Kozak, Karel"]
[Black "Konopka, Michal"]
[Result "0-1"]
[WhiteElo "1859"]
[BlackElo "2368"]
[PlyCount "0"]
[EventDate "2021.08.30"]
[EventType "team"]
[EventRounds "9"]
[EventCountry "ECX"]
[WhiteTeam "TJ SOKOL UDLICE"]
[BlackTeam "CZECH REPUBLIC"]

1. e4 {[%clk 1:30:27]} Nf6 {[%clk 1:30:52]} 2. Nc3 {[%clk 1:30:11]} d5
{[%clk 1:28:12]} 3. exd5 {[%clk 1:30:33]} Nxd5 {[%clk 1:28:31]} 4. Nxd5
{[%clk 1:30:54]} Qxd5 {[%clk 1:28:52]} 5. Qf3 {[%clk 1:31:13]} Be6
{[%clk 1:29:00]} 6. Qxd5 {[%clk 1:30:28]} Bxd5 {[%clk 1:28:43]} 7. c4
{[%clk 1:30:42]} Bc6 {[%clk 1:25:28]} 8. d4 {[%clk 1:29:00]} e6 {[%clk 1:23:38]}
9. Bd2 {[%clk 1:29:07]} Nd7 {[%clk 1:16:04]} 10. f3 {[%clk 1:22:57]} b6
{[%clk 1:11:49]} 11. O-O-O {[%clk 1:19:36]} O-O-O {[%clk 1:07:20]} 12. b4
{[%clk 1:16:10]} Ba4 {[%clk 1:01:33]} 13. Re1 {[%clk 1:16:29]} Nb8
{[%clk 0:46:47]} 14. Bc3 {[%clk 1:14:18]} Nc6 {[%clk 0:41:39]} 15. a3
{[%clk 0:57:45]} Nxd4 {[%clk 0:37:58]} 16. Re4 {[%clk 0:54:49]} Nb5
{[%clk 0:28:50]} 17. Bd2 {[%clk 0:44:56]} Nxa3 {[%clk 0:28:55]} 18. Ne2
{[%clk 0:39:41]} Nb1 {[%clk 0:26:02]}  0-1

[Event "European Senior Team Championship 2021"]
[Site "Don Giovanni hotel, Vinohradska 2733, Prague, Czech Republic"]
[Date "2021.09.02"]
[Round "4"]
[Board "1"]
[White "Hubeny, Pavel"]
[Black "Richtrova, Eliska"]
[Result "0-1"]
[WhiteElo "1763"]
[BlackElo "2186"]
[PlyCount "0"]
[EventDate "2021.08.30"]
[EventType "team"]
[EventRounds "9"]
[EventCountry "ECX"]
[WhiteTeam "MAKKABI BOSKOVICE"]
[BlackTeam "CZECH REPUBLIC WOMEN"]

1. e4 {[%clk 1:30:57]} e5 2. Nf3 {[%clk 1:27:22]} d6 {[%clk 1:31:13]} 3. Bc4
{[%clk 1:27:41]} c6 {[%clk 1:31:37]} 4. Bb3 {[%clk 1:27:26]} Be7 {[%clk 1:31:59]}
5. c3 {[%clk 1:27:51]} Nf6 {[%clk 1:32:19]} 6. d3 {[%clk 1:28:16]} O-O
{[%clk 1:32:07]} 7. O-O {[%clk 1:28:43]} Nbd7 {[%clk 1:32:20]} 8. Be3
{[%clk 1:29:01]} Qc7 {[%clk 1:32:20]} 9. Nbd2 {[%clk 1:29:26]} d5
{[%clk 1:28:23]} 10. h3 {[%clk 1:29:27]} Re8 {[%clk 1:27:08]} 11. Nh2
{[%clk 1:29:33]} Nc5 {[%clk 1:26:52]} 12. Bc2 {[%clk 1:29:42]} Bd6
{[%clk 1:22:08]} 13. f3 {[%clk 1:29:45]} d4 {[%clk 1:17:46]} 14. Bg5
{[%clk 1:29:28]} Nh5 {[%clk 1:17:08]} 15. Ng4 {[%clk 1:29:12]} h6
{[%clk 1:12:11]} 16. Bh4 {[%clk 1:27:39]} Nf4 {[%clk 1:12:08]} 17. Nb3
{[%clk 1:27:19]} Nce6 {[%clk 1:12:23]} 18. Bf2 {[%clk 1:27:18]} c5
{[%clk 1:12:16]} 19. Rc1 {[%clk 1:26:33]} Qe7 {[%clk 1:12:21]} 20. cxd4
{[%clk 1:25:57]} exd4 {[%clk 1:09:40]} 21. Nd2 {[%clk 1:25:17]} h5
{[%clk 1:09:52]} 22. e5 {[%clk 1:23:20]} Bc7 {[%clk 1:08:24]} 23. Nf6+
{[%clk 1:18:08]} gxf6 {[%clk 1:08:49]} 24. Ne4 {[%clk 1:18:15]} fxe5
{[%clk 1:05:55]} 25. Ba4 {[%clk 1:18:08]} Rf8 {[%clk 1:03:34]} 26. g4
{[%clk 1:17:55]} Nxh3+ {[%clk 1:03:32]} 27. Kh1 {[%clk 1:17:49]} hxg4
{[%clk 0:58:41]} 28. fxg4 {[%clk 1:16:48]} Kg7 {[%clk 0:59:03]} 29. Bg3
{[%clk 1:16:27]} Rh8 {[%clk 0:58:25]} 30. Kg2 {[%clk 1:16:41]} Nhf4+
{[%clk 0:58:17]} 31. Kg1 {[%clk 1:12:39]} b5 {[%clk 0:56:22]} 32. Bb3
{[%clk 1:11:27]} Bb7 {[%clk 0:56:46]} 33. Bxe6 {[%clk 1:11:19]} Bxe4
{[%clk 0:57:09]} 34. dxe4 {[%clk 1:10:18]} fxe6 {[%clk 0:57:30]}  0-1

[Event "European Senior Team Championship 2021"]
[Site "Don Giovanni hotel, Vinohradska 2733, Prague, Czech Republic"]
[Date "2021.09.02"]
[Round "4"]
[Board "2"]
[White "Kubikova, Hana"]
[Black "Zemanek, Jan"]
[Result "1-0"]
[WhiteElo "2070"]
[BlackElo "1860"]
[PlyCount "0"]
[EventDate "2021.08.30"]
[EventType "team"]
[EventRounds "9"]
[EventCountry "ECX"]
[WhiteTeam "CZECH REPUBLIC WOMEN"]
[BlackTeam "MAKKABI BOSKOVICE"]

1. d4 {[%clk 1:30:56]} d5 {[%clk 1:30:51]} 2. Nf3 {[%clk 1:31:13]} Nf6
{[%clk 1:30:48]} 3. c4 {[%clk 1:31:23]} e6 {[%clk 1:30:02]} 4. Nc3
{[%clk 1:30:51]} c6 {[%clk 1:29:52]} 5. e3 {[%clk 1:30:53]} Be7 {[%clk 1:29:28]}
6. Bd3 {[%clk 1:30:50]} O-O {[%clk 1:29:26]} 7. O-O {[%clk 1:30:50]} Nbd7
{[%clk 1:29:34]} 8. Qc2 {[%clk 1:28:41]} Re8 {[%clk 1:22:05]} 9. Re1
{[%clk 1:23:20]} Bf8 {[%clk 1:19:37]} 10. e4 {[%clk 1:13:54]} dxe4
{[%clk 1:15:49]} 11. Nxe4 {[%clk 1:13:45]} Nxe4 {[%clk 1:15:36]} 12. Rxe4
{[%clk 1:10:17]} f5 {[%clk 1:06:18]} 13. Re2 {[%clk 1:06:48]} Nf6
{[%clk 1:06:27]} 14. Bg5 {[%clk 1:06:11]} Bd7 {[%clk 0:57:22]} 15. a3
{[%clk 1:04:42]} Qc7 {[%clk 0:50:59]} 16. Rae1 {[%clk 1:00:44]} h6
{[%clk 0:47:48]} 17. Bd2 {[%clk 0:58:25]} Bd6 {[%clk 0:47:16]} 18. h3
{[%clk 0:55:05]} b5 {[%clk 0:40:39]} 19. Ne5 {[%clk 0:52:55]} bxc4
{[%clk 0:37:14]} 20. Qxc4 {[%clk 0:52:43]} Bxe5 {[%clk 0:36:58]} 21. Rxe5
{[%clk 0:44:24]} Kh8 {[%clk 0:36:03]} 22. b4 {[%clk 0:41:49]} Qb6
{[%clk 0:34:10]} 23. Rc5 {[%clk 0:38:24]} Rec8 {[%clk 0:30:15]} 24. Bf4
{[%clk 0:37:43]} a5 {[%clk 0:29:17]} 25. Be5 {[%clk 0:35:00]} Nd5
{[%clk 0:27:25]} 26. bxa5 {[%clk 0:33:59]} Rxa5 {[%clk 0:25:37]} 27. Qc1
{[%clk 0:34:17]} Kg8 {[%clk 0:24:49]} 28. Bd6 {[%clk 0:29:29]} Rca8
{[%clk 0:13:54]} 29. Rxa5 {[%clk 0:26:56]} Qxa5 {[%clk 0:12:20]} 30. Bc4
{[%clk 0:24:49]} Qa7 {[%clk 0:07:02]} 31. Qd2 {[%clk 0:24:21]} Qa4
{[%clk 0:05:17]} 32. Qd3 {[%clk 0:22:13]} Qa5 {[%clk 0:03:22]} 33. Rb1
{[%clk 0:22:03]} Qa7 {[%clk 0:01:56]} 34. g4 {[%clk 0:15:06]} Re8
{[%clk 0:01:47]} 35. Re1 {[%clk 0:13:35]} fxg4 {[%clk 0:01:29]} 36. hxg4
{[%clk 0:13:53]} Bc8 {[%clk 0:01:41]} 37. Qg6 {[%clk 0:08:34]} Qf7
{[%clk 0:02:00]} 38. Qxf7+ {[%clk 0:08:41]} Kxf7 {[%clk 0:02:29]} 39. Rb1
{[%clk 0:08:35]} Rd8 {[%clk 0:01:21]} 40. Be5 {[%clk 0:07:42]} Re8
{[%clk 0:01:33]} 41. Rb3 {[%clk 0:06:47]} Kg8 {[%clk 0:28:00]} 42. a4
{[%clk 0:35:36]} Nf6 {[%clk 0:24:05]} 43. Bxf6 {[%clk 0:34:42]} gxf6
{[%clk 0:24:33]} 44. Rb8 {[%clk 0:35:06]} Kf7 {[%clk 0:23:36]} 45. a5
{[%clk 0:34:29]} Bd7 {[%clk 0:19:05]} 46. Rb7 {[%clk 0:32:08]} Ke7
{[%clk 0:19:08]} 47. a6 {[%clk 0:32:08]} Ra8 {[%clk 0:18:32]} 48. a7
{[%clk 0:31:36]} Kd6 {[%clk 0:18:31]} 49. Kh2 {[%clk 0:30:41]} e5
{[%clk 0:16:29]} 50. dxe5+ {[%clk 0:30:14]} fxe5 {[%clk 0:16:57]} 51. Kg3
{[%clk 0:30:20]} c5 {[%clk 0:08:45]} 52. Bd3 {[%clk 0:24:52]} Bc6
{[%clk 0:06:36]} 53. Rh7 {[%clk 0:25:11]} Bd5 {[%clk 0:03:21]} 54. Rxh6+
{[%clk 0:24:05]} Kc7 {[%clk 0:03:32]} 55. Rh7+ {[%clk 0:20:30]} Kc6
{[%clk 0:03:04]} 56. g5 {[%clk 0:20:10]} c4 {[%clk 0:03:16]} 57. Bc2
{[%clk 0:20:09]} Kb6 {[%clk 0:03:39]} 58. Rd7 {[%clk 0:19:15]} Bc6
{[%clk 0:02:11]} 59. Rd6 {[%clk 0:14:17]} Rxa7 {[%clk 0:02:08]} 60. Be4
{[%clk 0:14:38]} Rc7 {[%clk 0:02:02]} 61. Kf3 {[%clk 0:14:39]} c3
{[%clk 0:01:51]} 62. Ke3 {[%clk 0:14:43]} Kc5 {[%clk 0:01:11]} 63. Rxc6+
{[%clk 0:14:57]} Rxc6 {[%clk 0:01:37]} 64. Bxc6 {[%clk 0:15:23]} Kxc6
{[%clk 0:02:05]} 65. g6  1-0

[Event "European Senior Team Championship 2021"]
[Site "Don Giovanni hotel, Vinohradska 2733, Prague, Czech Republic"]
[Date "2021.09.02"]
[Round "4"]
[Board "4"]
[White "Cejkova, Miroslava"]
[Black "Sysr, Pavel"]
[Result "1-0"]
[WhiteElo "2010"]
[BlackElo "1563"]
[PlyCount "0"]
[EventDate "2021.08.30"]
[EventType "team"]
[EventRounds "9"]
[EventCountry "ECX"]
[WhiteTeam "CZECH REPUBLIC WOMEN"]
[BlackTeam "MAKKABI BOSKOVICE"]

1. e4 {[%clk 1:30:56]} e6 {[%clk 1:30:31]} 2. f4 {[%clk 1:30:29]} d5
{[%clk 1:30:43]} 3. e5 {[%clk 1:30:44]} c5 {[%clk 1:30:57]} 4. Nf3
{[%clk 1:29:56]} Nc6 {[%clk 1:30:56]} 5. c3 {[%clk 1:29:50]} Qb6 {[%clk 1:29:08]}
6. d3 {[%clk 1:20:52]} Nge7 {[%clk 1:28:27]} 7. Na3 {[%clk 1:18:22]} Ng6
{[%clk 1:26:44]} 8. Nc2 {[%clk 1:16:08]} Be7 {[%clk 1:25:18]} 9. g3
{[%clk 0:59:31]} Bd7 {[%clk 1:22:28]} 10. Bg2 {[%clk 0:56:02]} O-O
{[%clk 1:20:09]} 11. h4 {[%clk 0:54:06]} f6 {[%clk 1:16:29]} 12. exf6
{[%clk 0:48:27]} Bxf6 {[%clk 1:15:42]} 13. Ng5 {[%clk 0:47:57]} Nge7
{[%clk 1:07:50]} 14. Qe2 {[%clk 0:34:09]} e5 {[%clk 1:02:42]} 15. Ne3
{[%clk 0:29:10]} exf4 {[%clk 0:56:00]} 16. Nxd5 {[%clk 0:28:07]} Qd8
{[%clk 0:44:45]} 17. Bxf4 {[%clk 0:24:44]} Rc8 {[%clk 0:36:05]} 18. O-O-O
{[%clk 0:21:06]} Ng6 {[%clk 0:35:04]} 19. Qh5 {[%clk 0:19:10]} Bxg5
{[%clk 0:33:13]} 20. hxg5 {[%clk 0:17:41]} Bf5 {[%clk 0:31:36]} 21. Qxh7+
{[%clk 0:14:02]} Kf7 {[%clk 0:32:03]} 22. Qh5 {[%clk 0:14:18]} Rh8
{[%clk 0:29:33]} 23. Qf3 {[%clk 0:14:12]} Nce5 {[%clk 0:27:37]} 24. Bxe5
{[%clk 0:14:14]}  1-0

[Event "European Senior Team Championship 2021"]
[Site "Don Giovanni hotel, Vinohradska 2733, Prague, Czech Republic"]
[Date "2021.09.03"]
[Round "5"]
[Board "1"]
[White "Richtrova, Eliska"]
[Black "Langner, Ladislav"]
[Result "0-1"]
[WhiteElo "2186"]
[BlackElo "2380"]
[PlyCount "0"]
[EventDate "2021.08.30"]
[EventType "team"]
[EventRounds "9"]
[EventCountry "ECX"]
[WhiteTeam "CZECH REPUBLIC WOMEN"]
[BlackTeam "1960-69"]

1. d4 {[%clk 1:30:57]} Nf6 {[%clk 1:30:50]} 2. Nf3 {[%clk 1:31:05]} g6
{[%clk 1:31:10]} 3. Bg5 {[%clk 1:29:58]} Bg7 {[%clk 1:31:30]} 4. Nc3
{[%clk 1:28:37]} d5 {[%clk 1:31:39]} 5. e3 {[%clk 1:26:06]} c5 {[%clk 1:28:40]}
6. Bb5+ {[%clk 1:23:46]} Bd7 {[%clk 1:25:17]} 7. O-O {[%clk 1:23:17]} Bxb5
{[%clk 1:21:38]} 8. Nxb5 {[%clk 1:23:43]} Nbd7 {[%clk 1:18:13]} 9. dxc5
{[%clk 1:16:51]} Nxc5 {[%clk 1:14:25]} 10. c4 {[%clk 0:58:19]} a6
{[%clk 1:11:28]} 11. Na3 {[%clk 0:56:53]} Nfe4 {[%clk 1:09:42]} 12. b4
{[%clk 0:55:19]} Ne6 {[%clk 1:03:50]} 13. Bh4 {[%clk 0:55:41]} dxc4
{[%clk 0:59:47]} 14. Nxc4 {[%clk 0:55:52]} Bxa1 {[%clk 0:53:42]} 15. Qxa1
{[%clk 0:56:19]} O-O {[%clk 0:53:51]} 16. Qe5 {[%clk 0:56:40]} Nf6
{[%clk 0:52:10]} 17. Na5 {[%clk 0:52:28]} Qb6 {[%clk 0:44:49]} 18. a3
{[%clk 0:51:14]} Kg7 {[%clk 0:43:11]} 19. h3 {[%clk 0:47:56]} Qb5
{[%clk 0:38:48]} 20. Qb2 {[%clk 0:48:12]} b6 {[%clk 0:37:39]} 21. Nb3
{[%clk 0:47:39]} Rac8 {[%clk 0:36:00]} 22. Ne5 {[%clk 0:45:00]} a5
{[%clk 0:32:30]} 23. Bxf6+ exf6 {[%clk 0:32:33]} 24. Ng4 {[%clk 0:37:21]} Qf5
{[%clk 0:29:06]} 25. e4 {[%clk 0:35:06]} Qf4 {[%clk 0:26:57]} 26. Re1
{[%clk 0:09:40]} h5 {[%clk 0:25:22]} 27. Nh2 {[%clk 0:09:52]} axb4
{[%clk 0:21:26]} 28. axb4 {[%clk 0:10:21]} Qe5 {[%clk 0:21:42]} 29. Qb1
{[%clk 0:10:35]} Qc3 {[%clk 0:20:33]} 30. Nf3 {[%clk 0:09:42]} Qxb4
{[%clk 0:17:11]} 31. Re3 {[%clk 0:09:15]} Rc3 {[%clk 0:16:28]} 32. Rxc3
{[%clk 0:09:22]} Qxc3 {[%clk 0:16:54]} 33. Nbd2 {[%clk 0:09:48]} Rb8
{[%clk 0:16:01]} 34. e5 {[%clk 0:05:59]} fxe5 {[%clk 0:14:24]} 35. Ne4
{[%clk 0:06:10]} Qc7 {[%clk 0:14:26]} 36. Qb4 {[%clk 0:05:30]} Rd8
{[%clk 0:13:39]} 37. g3 {[%clk 0:04:22]} Nd4 {[%clk 0:11:49]} 38. Nfd2
{[%clk 0:03:33]} Qc6 {[%clk 0:07:13]} 39. h4 {[%clk 0:02:23]} Rd7
{[%clk 0:04:46]} 40. Kh2 {[%clk 0:01:47]} Ne6  0-1

[Event "European Senior Team Championship 2021"]
[Site "Don Giovanni hotel, Vinohradska 2733, Prague, Czech Republic"]
[Date "2021.09.03"]
[Round "5"]
[Board "2"]
[White "Sorm, Daniel"]
[Black "Svobodova, Michaela"]
[Result "1-0"]
[WhiteElo "2350"]
[BlackElo "1919"]
[PlyCount "0"]
[EventDate "2021.08.30"]
[EventType "team"]
[EventRounds "9"]
[EventCountry "ECX"]
[WhiteTeam "1960-69"]
[BlackTeam "CZECH REPUBLIC WOMEN"]

1. c4 {[%clk 1:28:57]} c6 {[%clk 1:29:30]} 2. e4 {[%clk 1:29:10]} Qa5
{[%clk 1:29:06]} 3. Nf3 {[%clk 1:21:58]} e5 {[%clk 1:28:19]} 4. Be2
{[%clk 1:20:05]} Nf6 {[%clk 1:27:33]} 5. Nc3 {[%clk 1:19:11]} Bb4
{[%clk 1:26:56]} 6. O-O {[%clk 1:14:18]} Bxc3 {[%clk 1:20:27]} 7. dxc3
{[%clk 1:14:26]} Nxe4 {[%clk 1:16:33]} 8. Bd3 {[%clk 1:13:52]} f5
{[%clk 1:10:27]} 9. Nh4 {[%clk 0:48:00]} O-O {[%clk 0:50:50]} 10. Nxf5
{[%clk 0:48:08]} d5 {[%clk 0:50:01]} 11. Ne7+ {[%clk 0:47:09]} Kh8
{[%clk 0:48:04]} 12. cxd5 {[%clk 0:35:01]} cxd5 {[%clk 0:43:12]} 13. Bxe4
{[%clk 0:33:52]} dxe4 {[%clk 0:42:23]} 14. Qh5 {[%clk 0:28:20]} Qb6
{[%clk 0:34:39]} 15. Nxc8 {[%clk 0:26:01]} Rxc8 {[%clk 0:34:31]} 16. Qxe5
{[%clk 0:26:22]} Nc6 {[%clk 0:31:45]} 17. Qxe4 {[%clk 0:26:35]} Re8
{[%clk 0:31:15]} 18. Qc2 {[%clk 0:26:39]} Ne5 {[%clk 0:28:48]} 19. Be3
{[%clk 0:26:10]} Qe6 {[%clk 0:27:28]} 20. Qe4 {[%clk 0:20:39]} Qf7
{[%clk 0:22:31]} 21. b3 {[%clk 0:19:03]} Re6 {[%clk 0:18:38]} 22. Rad1
{[%clk 0:15:18]} Rae8 {[%clk 0:17:39]} 23. Rd5 {[%clk 0:12:47]} Ng6
{[%clk 0:12:14]} 24. Qc4 {[%clk 0:10:39]} Re4 {[%clk 0:11:22]} 25. Rd4
{[%clk 0:10:31]} Qxc4 {[%clk 0:09:15]} 26. bxc4 {[%clk 0:10:18]} b6
{[%clk 0:07:20]} 27. Rxe4 {[%clk 0:08:10]} Rxe4 {[%clk 0:07:39]} 28. Rd1
{[%clk 0:08:32]} Kg8 {[%clk 0:06:20]} 29. Rd7 {[%clk 0:07:24]} Ne5
{[%clk 0:04:54]} 30. Rd8+ {[%clk 0:03:54]} Kf7 {[%clk 0:05:07]} 31. c5
{[%clk 0:04:17]} bxc5 {[%clk 0:04:53]} 32. Ra8 {[%clk 0:03:23]} Ra4
{[%clk 0:03:17]} 33. Bxc5 {[%clk 0:03:30]} Rxa2 {[%clk 0:02:31]} 34. Rxa7+
{[%clk 0:03:49]} Rxa7 {[%clk 0:02:55]} 35. Bxa7 {[%clk 0:04:16]} Nc6
{[%clk 0:02:52]} 36. Be3 {[%clk 0:03:57]} Ke6 {[%clk 0:03:12]} 37. Kf1
{[%clk 0:04:09]} Kd5 {[%clk 0:03:34]} 38. Ke2 {[%clk 0:04:23]} Kc4
{[%clk 0:03:59]} 39. Bd2 {[%clk 0:00:44]} Ne7 {[%clk 0:02:34]} 40. Ke3
{[%clk 0:00:44]} Nd5+ {[%clk 0:01:56]} 41. Ke4 {[%clk 0:00:52]} Nf6+
{[%clk 0:00:45]} 42. Kf5 {[%clk 0:00:40]} Kd3 {[%clk 0:26:03]} 43. Bf4
{[%clk 0:30:51]} Ne4 {[%clk 0:23:59]} 44. Be5 {[%clk 0:25:56]} g6+
{[%clk 0:23:22]} 45. Kf4 {[%clk 0:22:22]} Nxf2 {[%clk 0:22:23]} 46. Kg5
{[%clk 0:21:55]} Ke2 {[%clk 0:18:44]} 47. Bd4 {[%clk 0:20:01]} Ne4+
{[%clk 0:16:22]} 48. Kh6 {[%clk 0:13:59]} Kf1 {[%clk 0:16:17]} 49. g4
{[%clk 0:13:56]} Kg2 {[%clk 0:15:27]} 50. Be5 {[%clk 0:10:05]} Kh3
{[%clk 0:14:24]} 51. g5 {[%clk 0:09:50]} Kg4 {[%clk 0:12:50]} 52. Bf6
{[%clk 0:09:57]} Kh3 {[%clk 0:10:55]} 53. Kxh7 {[%clk 0:09:45]} Kxh2
{[%clk 0:11:11]} 54. Kxg6 {[%clk 0:09:59]} Kg3 {[%clk 0:11:07]} 55. Kf5
{[%clk 0:08:57]} Nd6+ {[%clk 0:06:27]} 56. Ke6 {[%clk 0:08:57]}  1-0

[Event "European Senior Team Championship 2021"]
[Site "Don Giovanni hotel, Vinohradska 2733, Prague, Czech Republic"]
[Date "2021.09.03"]
[Round "5"]
[Board "3"]
[White "Cejkova, Miroslava"]
[Black "Vrbata, Zbynek"]
[Result "1/2-1/2"]
[WhiteElo "2010"]
[BlackElo "2339"]
[PlyCount "0"]
[EventDate "2021.08.30"]
[EventType "team"]
[EventRounds "9"]
[EventCountry "ECX"]
[WhiteTeam "CZECH REPUBLIC WOMEN"]
[BlackTeam "1960-69"]

1. e4 {[%clk 1:30:57]} e6 {[%clk 1:30:45]} 2. d4 {[%clk 1:31:00]} d5
{[%clk 1:31:07]} 3. Nd2 {[%clk 1:30:49]} Nf6 {[%clk 1:31:16]} 4. e5
{[%clk 1:30:30]} Nfd7 {[%clk 1:31:37]} 5. c3 {[%clk 1:29:39]} c5 {[%clk 1:31:37]}
6. Bd3 {[%clk 1:28:07]} Nc6 {[%clk 1:31:51]} 7. Ne2 {[%clk 1:27:39]} cxd4
{[%clk 1:32:02]} 8. cxd4 {[%clk 1:27:53]} f6 {[%clk 1:32:04]} 9. exf6
{[%clk 1:26:20]} Nxf6 {[%clk 1:32:04]} 10. Nf3 {[%clk 1:25:02]} Qc7
{[%clk 1:32:01]} 11. O-O {[%clk 1:23:45]} Bd6 {[%clk 1:32:04]} 12. Nc3
{[%clk 1:14:21]} a6 {[%clk 1:31:18]} 13. Bg5 {[%clk 1:09:42]} O-O
{[%clk 1:30:56]} 14. Bh4 {[%clk 1:03:34]} Nh5 {[%clk 1:27:15]} 15. Bg3
{[%clk 0:45:12]} Nxg3 {[%clk 1:26:06]} 16. hxg3 {[%clk 0:45:39]} g6
{[%clk 1:26:13]} 17. Qd2 {[%clk 0:42:54]} Qg7 {[%clk 1:25:55]} 18. Bc2
{[%clk 0:40:05]} Bd7 {[%clk 1:22:19]} 19. Rad1 {[%clk 0:37:45]} Rae8
{[%clk 1:15:59]} 20. Rfe1 {[%clk 0:38:00]} Bc7 {[%clk 1:00:29]} 21. Re2
{[%clk 0:36:20]} Bb6 {[%clk 0:52:42]} 22. Ba4 {[%clk 0:34:07]} Bc8
{[%clk 0:34:43]} 23. Bxc6 {[%clk 0:28:55]} bxc6 {[%clk 0:34:32]} 24. Na4
{[%clk 0:29:19]} Ba7 {[%clk 0:32:52]} 25. Qc3 {[%clk 0:29:18]} Qb7
{[%clk 0:31:04]} 26. Nc5 {[%clk 0:22:10]} Qc7 {[%clk 0:25:52]} 27. Ne5
{[%clk 0:18:15]} Rf5 {[%clk 0:24:09]} 28. Rde1 {[%clk 0:15:12]} Qd6
{[%clk 0:22:07]} 29. Rc1 {[%clk 0:13:32]} Ref8 {[%clk 0:19:46]} 30. Nb3
{[%clk 0:11:33]} Bb7 {[%clk 0:17:57]} 31. Nc5 {[%clk 0:10:08]} Bc8
{[%clk 0:18:04]} 32. Nb3 {[%clk 0:10:33]}  1/2-1/2